A step from the New World to the Old, and back again : (Record no. 793449)
[ view plain ]
| 000 -LEADER | |
|---|---|
| fixed length control field | 00826nam a2200265 a 4500 |
| 001 - CONTROL NUMBER | |
| control field | vtls000968430 |
| 003 - CONTROL NUMBER IDENTIFIER | |
| control field | NLI |
| 005 - DATE AND TIME OF LATEST TRANSACTION | |
| control field | 20210627095208.0 |
| 008 - FIXED-LENGTH DATA ELEMENTS--GENERAL INFORMATION | |
| fixed length control field | 120112s1852 nyu 000 0 eng |
| 039 #9 - LEVEL OF BIBLIOGRAPHIC CONTROL AND CODING DETAIL [OBSOLETE] | |
| -- | 201201121757 |
| -- | Entertech_02 |
| 040 0# - CATALOGING SOURCE | |
| Original cataloging agency | NLI |
| Language of cataloging | eng |
| Transcribing agency | Entertech-2011 |
| Description conventions | AACR2 |
| 041 0# - LANGUAGE CODE | |
| Language code of text/sound track or separate title | eng |
| 044 ## - COUNTRY OF PUBLISHING/PRODUCING ENTITY CODE | |
| MARC country code | nyu |
| 084 ## - OTHER CLASSIFICATION NUMBER | |
| Classification number | 61.B.83 |
| 100 1# - MAIN ENTRY--PERSONAL NAME | |
| Personal name | Tappan, Henry Philip, |
| Dates associated with a name | 1805-1881 |
| 9 (RLIN) | 909911 |
| 245 12 - TITLE STATEMENT | |
| Title | A step from the New World to the Old, and back again : |
| Remainder of title | with thoughts on the good and evil in both / |
| Statement of responsibility, etc. | Henry P. Tappan |
| 260 ## - PUBLICATION, DISTRIBUTION, ETC. | |
| Place of publication, distribution, etc. | New York : |
| Name of publisher, distributor, etc. | D. Appleton, |
| Date of publication, distribution, etc. | 1852 |
| 300 ## - PHYSICAL DESCRIPTION | |
| Extent | 2v. ; |
| Dimensions | 18 cm. |
| 651 #0 - SUBJECT ADDED ENTRY--GEOGRAPHIC NAME | |
| Geographic name | Europe |
| General subdivision | Description and trav |
| 9 (RLIN) | 909912 |
| 887 ## - NON-MARC INFORMATION FIELD | |
| Content of non-MARC field | |
| 901 ## - LOCAL DATA ELEMENT A, LDA (RLIN) | |
| a | IMP50233 : |
| b | 29.07.2010 |
| 901 ## - LOCAL DATA ELEMENT A, LDA (RLIN) | |
| a | IMP50234 : |
| b | 29.07.2010 |
| 902 ## - LOCAL DATA ELEMENT B, LDB (RLIN) | |
| a | 61.B.83 |
| 942 ## - ADDED ENTRY ELEMENTS (KOHA) | |
| Source of classification or shelving scheme | Dewey Decimal Classification |
| Koha item type | Books |
| Withdrawn status | Lost status | Damaged status | Not for loan | Home library | Current library | Date acquired | Total Checkouts | Full call number | Date last seen | Price effective from | Koha item type |
|---|---|---|---|---|---|---|---|---|---|---|---|
| National Library of India | National Library of India | 61.B.83 | 27/06/2021 | 27/06/2021 | Books |
